Geography Quiz

Random Geography or World Quiz

World Capitals A-Z II Quiz Stats

Quiz Updated Dec 18, 2015

Also try: World Capitals A-Z
Challenge
Share
Tweet
Score 0/20 Timer 08:00
11 Plays Today
% Correct
Amsterdam, Netherlands
94%
Vatican City, Vatican City
81%
Berlin, Germany
78.3%
Warsaw, Poland
74.7%
Jakarta, Indonesia
70.7%
Monaco, Monaco
70.3%
Hanoi, Vietnam
70.3%
Lisbon, Portugal
56.4%
Damascus, Syria
54.6%
Taipei, Taiwan
51.6%
% Correct
Nassau, Bahamas
50.2%
Oslo, Norway
50.1%
Riyadh, Saudi Arabia
49.7%
Kyiv, Ukraine
49%
Pyongyang, North Korea
43.5%
Georgetown, Guyana
41.5%
Yerevan, Armenia
41%
San Marino, San Marino
40.4%
Canberra, Australia
36.3%
Funafuti, Tuvalu
34.9%

You're not logged in!

Compare scores with friends on all Sporcle quizzes.
Sign Up with Email
OR
Log In

You Might Also Like...

Show Comments

Extras

Top Quizzes Today


Score Distribution

Your Account Isn't Verified!

In order to create a playlist on Sporcle, you need to verify the email address you used during registration. Go to your Sporcle Settings to finish the process.